000 01154cab a22002175a 4500
001 L138114
008 070517e2007 xxk f 000 0 eng d
035 _a(Sirsi) u138114
041 0 _aeng
110 2 _aRoyal Institution of Chartered Surveyors
_94900
240 _aRed Book
245 0 0 _aRed book amendment 9
_h[electronic resource]
260 _c2007
520 _aReports significant amendments to the recent update of the Red Book, including amendments consequential on the removal of Appendix 3.1 (DRC valuations) and the movement of Appendix 3.2 (Reporting valuations under IFRS) to Appendix 5.3. PS 5.4, 5.5 and 5.6 have been rewritten to give a clearer explanation of the requirement for a DRC valuation to be reported as either 'subject to adequate profitability' or 'subject to the prospect of viability' in the private sector or public sector respectively.
590 _aKA
650 2 4 _aRICS appraisal and valuation standards
651 4 _aUnited Kingdom
_y
690 _aPROPERTY-PROPERTY APPRAISAL AND VALUATION
856 4 0 _uhttps://www.rics.org/redbook
_zView the item free of charge at www.rics.org/redbook...
942 _n0
999 _c107007
_d107007